Los privilegios de Alfonso X a la ciudad de Murcia (Record no. 149833)

MARC details
000 -LEADER
campo de control de longitud fija 00538nam a2200157 i 4500
001 - NÚMERO DE CONTROL
campo de control 149833
003 - IDENTIFICADOR DE NÚMERO DE CONTROL
campo de control ES-MaACL
005 - FECHA Y HORA DE LA ÚLTIMA TRANSACCIÓN
campo de control 20230906203258.0
007 - CAMPO FIJO DE DESCRIPCIÓN FÍSICA--INFORMACIÓN GENERAL
campo de control de longitud fija t|
008 - DATOS DE LONGITUD FIJA--INFORMACIÓN GENERAL
campo de control de longitud fija 071024s1923 sp ||||1| spa d
100 1# - ENTRADA PRINCIPAL--NOMBRE DE PERSONA
Nombre de persona Valls i Taberner, Ferran.
9 (RLIN) 112942
245 14 - MENCIÓN DEL TÍTULO
Título Los privilegios de Alfonso X a la ciudad de Murcia
Resto del título : discurso... leído en la... apertura del curso... de 1923 a 1924 ante el claustro de la Universidad de Murcia.
260 ## - PUBLICACIÓN, DISTRIBUCIÓN, ETC.
Lugar de publicación, distribución, etc. Barcelona :
Nombre del editor, distribuidor, etc. Casals,
Fecha de publicación, distribución, etc. 1923.
300 ## - DESCRIPCIÓN FÍSICA
Extensión 82 p. ;
Dimensiones 4º.
852 ## - LOCALIZACIÓN
Ubicación ES-MaACL
Número de control de estantería 1664-F-7
Holdings
Estatus retirado Estado de pérdida Estado de daño No para préstamo Colección Biblioteca de origen Biblioteca actual Ubicación en estantería Fecha de adquisición Fuente de adquisición Total de préstamos Signatura topográfica completa Código de barras Visto por última vez Precio de reemplazo Tipo de ítem Koha
        Colección de folletos Biblioteca del Ateneo de Madrid Biblioteca del Ateneo de Madrid Depósito folletos 17/01/2008     1664-F-7 1156352 23/02/2023 23/02/2023 Folleto